00940nas a22002297a 450000500170000000600190001700700030003600800410003902200140008002200260009424501380012026000810025826000290033930000200036831000140038836200310040250000880043365000180052165000170053985600270055627001270058320140905154347.0a|||||r|||| 00| 0 ta140905b xxu||||| |||| 00| 0 eng d a0972-8279 a0974-942X (Electonic) aJournal of the maxillofacial and oral surgery :bofficial publication of the Association of Oral and Maxillofacial Surgeons of India aMangalore :bAssociation of Oral and Maxillofacial Surgeons of Indiac2014- aNew DelhibSpinger India av.c24 cm (Pbk) aquarterly avol 13 No 1 Jan-March 2014 aAn official publication of Association of Oral and Maxillofacial Surgeons of India aMaxillofacial aOral surgery uwww.springer.com/12663 aDr. Manjunath Rai Rai Dental Speciality Clinic K.S. Rao RoadbMangaloree575 001, rai.aomsi@gmail.commrai.aomsi@gmail.com